00436nam a2200145Ia 4500003000900000008004100009040001600050080001300066100002000079245010400099260003500203300001700238650001900255650001600274IN-BaIIA211028s9999 xx 000 0 eng d cIIA Library a770bNEB aNeblette, C. B. 0aPhotography its principles and practicecC. B. Neblette  aLondonbChapman and Hallc1928 axviii, 644p. aNASA thesaurus aPhotography